[Event "NOR-ch Class2"]
[Site "Larvik"]
[Date "2019.07.10"]
[Round "6"]
[White "Odegaard, Per Chr"]
[Black "Skrede, Per Arne"]
[Result "0-1"]
[WhiteElo "1754"]
[BlackElo "1696"]
[PlyCount "94"]
[EventDate "2019.07.05"]
[EventType "swiss"]
[EventRounds "9"]
[EventCountry "NOR"]
[SourceTitle "EXT 2024"]
[Source "ChessBase"]
[SourceDate "2023.10.10"]
[SourceVersion "1"]
[SourceVersionDate "2023.10.10"]
[SourceQuality "1"]

1. e4 e5 2. Nf3 Nc6 3. Bc4 Nf6 4. d3 Bc5 5. 0-0 h6 6. a3 d6 7. h3 0-0 8. Nc3 a5 9. Na4 Ba7 10. Be3 Bd7 11. Bxa7 Nxa7 12. Nc3 b5 13. Ba2 Rb8 14. Qd2 c6 15. Ne2 Qc7 16. Ng3 d5 17. c3 Rbd8 18. Qe3 Rfe8 19. Nh4 Nc8 20. Nhf5 Ne7 21. Nxh6+ gxh6 22. Qxh6 Ng6 23. Nf5 Bxf5 24. exf5 Nf4 25. Qxf6 Rd6 26. Qg5+ Kh7 27. f6 Nxh3+ 28. gxh3 Rg8 29. Qxg8+ Kxg8 30. c4 Qd8 31. f4 Qxf6 32. fxe5 Qxe5 33. Rf2 Qe3 34. Raf1 Qxh3 35. Rg2+ Kf8 36. cxd5 cxd5 37. Bb1 Qe3+ 38. Rff2 Rh6 39. Bc2 Qc1+ 40. Rf1 Qxb2 41. Rf4 Qc1+ 42. Rf1 Qxa3 43. d4 Qe3+ 44. Rff2 Qxd4 45. Rg5 Rh2 46. Rgg2 Rxg2+ 47. Kxg2 a4 0-1

[Event "Asker CC-ch"]
[Site "Asker"]
[Date "2014.03.17"]
[Round "6"]
[White "Odegaard, Per Chr"]
[Black "Lindblom, Roar"]
[Result "1-0"]
[WhiteElo "1660"]
[BlackElo "1779"]
[PlyCount "61"]
[EventDate "2014.01.13"]
[EventType "swiss"]
[EventRounds "9"]
[EventCountry "NOR"]
[SourceTitle "EXT 2017"]
[Source "ChessBase"]
[SourceDate "2016.10.25"]
[SourceVersion "1"]
[SourceVersionDate "2016.10.25"]
[SourceQuality "1"]

1. e4 e5 2. Nf3 Nc6 3. Bc4 Nf6 4. Ng5 d5 5. exd5 Na5 6. Bb5+ Bd7 7. Qe2 Bd6 8. Bxd7+ Qxd7 9. Nc3 c6 10. Nge4 Nxd5 11. Nxd6+ Qxd6 12. Nxd5 Qxd5 13. 0-0 0-0 14. d3 c5 15. f4 Nc6 16. f5 Nd4 17. Qg4 f6 18. c3 Nc6 19. Rf3 Rf7 20. Rh3 Rd8 21. Qh5 Kf8 22. Qxh7 e4 23. Re3 Ne5 24. Qh4 exd3 25. Bd2 c4 26. b3 Rc7 27. Rae1 b5 28. Rxe5 fxe5 29. Rxe5 Qd7 30. f6 Qe6 31. Qh8+ 1-0

[Event "NOR-ch Class2"]
[Site "Lillehammer"]
[Date "2013.06.29"]
[Round "3"]
[White "Odegaard, Per Chr"]
[Black "Sandmark, Tore"]
[Result "1/2-1/2"]
[WhiteElo "1621"]
[BlackElo "1619"]
[PlyCount "31"]
[EventDate "2013.06.29"]
[EventType "swiss"]
[EventRounds "9"]
[EventCountry "NOR"]
[SourceTitle "EXT 2017"]
[Source "ChessBase"]
[SourceDate "2016.10.25"]
[SourceVersion "1"]
[SourceVersionDate "2016.10.25"]
[SourceQuality "1"]

1. Nf3 d5 2. d4 Nf6 3. Bg5 Nbd7 4. e3 c6 5. Bd3 e6 6. Nbd2 Qc7 7. Qe2 b5 8. e4 dxe4 9. Nxe4 Nxe4 10. Qxe4 Bb7 11. Qh4 Nb6 12. Ne5 Be7 13. Qh5 g6 14. Qh6 Bxg5 15. Qxg5 Qe7 16. Qd2 1/2-1/2